Normal view
MARC view
- الرعاية الصحية- الامراض- الوقاية- مكافحة الآفات- الآفات الحشرية
Entry Topical Term
001 - CONTROL NUMBER
- control field: 64560
003 - CONTROL NUMBER IDENTIFIER
- control field: JO-AjAnu
005 - DATE AND TIME OF LATEST TRANSACTION
- control field: 20231202093315.0
008 - FIXED-LENGTH DATA ELEMENTS
- fixed length control field: 231202|| aca||babn | a|a d
040 ## - CATALOGING SOURCE
- Original cataloging agency: JO-AjAnu
150 ## - HEADING--TOPICAL TERM
- Topical term or geographic name entry element: الرعاية الصحية- الامراض- الوقاية- مكافحة الآفات- الآفات الحشرية